Alright Lyrics - Supergrass - Statistics

General Stats
  • This quiz has been taken 23 times
  • The average score is 136 of 185
Answer Stats
Answer % Correct
a
100%
alright.
100%
alright...
100%
are
100%
Are
100%
We
100%
we
100%
you?
100%
be
93%
I
93%
run
93%
young,
93%
and
86%
And
86%
clean,
86%
in
86%
our
86%
See
86%
see
86%
can't
79%
Can't
79%
friends,
79%
go
79%
Keep
79%
like
79%
like,
79%
nice
79%
sure
79%
teeth
79%
But
71%
fag,
71%
it
71%
out,
71%
out
71%
Smoke
71%
the
71%
put
64%
get
57%
sights,
57%
strange,
57%
strange
57%
time.
57%
we're
57%
ain't
50%
as
50%
by,
50%
Feel
50%
feel
50%
got
50%
Got
50%
green,
50%
she
50%
around,
43%
Of
43%
up,
43%
wake
43%
wheels,
43%
worlds,
43%
worlds.
43%
control,
36%
hit
36%
mad,
36%
Sleep
36%
some
36%
Took
36%
turns,
36%
wall,
36%
cash,
29%
if
29%
Lost
29%
scene,
29%
bought
21%
fields,
21%
'cross
14%
No matching quizzes found
Score Distribution
Percent of People with Each Score
Percentile by Number Answered
Your Score History
You have not taken this quiz